Financial rick management : A practitioner’s guide to managing market and credit risk
In the Second Edition of Financial Risk Management + Website, market risk expert Steve Allen offers an insider's view of this discipline and covers the strategies, principles, and measurement techniques necessary to manage and measure financial risk. Fully revised to reflect today's dynami...
Kaydedildi:
| Yazar: | |
|---|---|
| Materyal Türü: | Kitap |
| Dil: | Undetermined |
| Baskı/Yayın Bilgisi: |
Hoboken, N.J.
Wiley
2013
|
| Konular: | |
| Etiketler: |
Etiketle
Etiket eklenmemiş, İlk siz ekleyin!
|
| Thư viện lưu trữ: | Trung tâm Học liệu Trường Đại học Cần Thơ |
|---|
| LEADER | 01092nam a2200217Ia 4500 | ||
|---|---|---|---|
| 001 | CTU_188743 | ||
| 008 | 210402s9999 xx 000 0 und d | ||
| 020 | |c 2749000 | ||
| 082 | |a 658.155 | ||
| 082 | |b A429 | ||
| 100 | |a Allen, Steven | ||
| 245 | 0 | |a Financial rick management : | |
| 245 | 2 | |b A practitioner’s guide to managing market and credit risk | |
| 245 | 0 | |c Steven Allen | |
| 260 | |a Hoboken, N.J. | ||
| 260 | |b Wiley | ||
| 260 | |c 2013 | ||
| 520 | |a In the Second Edition of Financial Risk Management + Website, market risk expert Steve Allen offers an insider's view of this discipline and covers the strategies, principles, and measurement techniques necessary to manage and measure financial risk. Fully revised to reflect today's dynamic environment and the lessons to be learned from the 2008 global financial crisis, this reliable resource provides a comprehensive overview of the entire field of risk management. | ||
| 650 | |a Financial risk management,Quản trị rũi ro tài chính | ||
| 910 | |a Hải | ||
| 980 | |a Trung tâm Học liệu Trường Đại học Cần Thơ | ||